The implementation of the California determinate sentence law: final report

Saved in:  
Bibliographic Details
Authors: Casper, Jonathan D. (Author) ; Brereton, David (Author) ; Neal, David (Author)
Format: Print Book
Language:English
Published: Stanford, Calif. Univ., Department of Political Science 1981
In:Year: 1981
Availability in Albert-Krebs Library:LZ.60.010
1997-1291
Check availability: HBZ Gateway
Subito Delivery Service: Order now.
Keywords:

MARC

LEADER 00000cam a22000002c 4500
001 1188750283
003 DE-627
005 20221026111829.0
007 tu
008 050722s1981 xx ||||| 00| ||eng c
035 |a (DE-627)1188750283 
035 |a (DE-576)118750283 
035 |a (DE-599)BSZ118750283 
040 |a DE-627  |b ger  |c DE-627  |e rakwb 
041 |a eng 
084 |a 2,1  |2 ssgn 
100 1 |a Casper, Jonathan D.  |4 aut 
245 1 4 |a The implementation of the California determinate sentence law  |b final report  |c Jonathan D. Casper, David Brereton, David Neal 
264 1 |a Stanford, Calif.  |b Univ., Department of Political Science  |c 1981 
300 |a 260 S.  |b graph. Darst. 
336 |a Text  |b txt  |2 rdacontent 
337 |a ohne Hilfsmittel zu benutzen  |b n  |2 rdamedia 
338 |a Band  |b nc  |2 rdacarrier 
583 1 |a Archivierung prüfen  |c 20200919  |f DE-640  |z 1  |2 pdager 
650 0 7 |0 (DE-588)4018332-4  |0 (DE-627)104222239  |0 (DE-576)208923853  |a Freiheitsstrafe  |2 gnd 
650 0 7 |0 (DE-588)4057812-4  |0 (DE-627)106149407  |0 (DE-576)209123796  |a Strafzumessung  |2 gnd 
650 0 7 |0 (DE-588)4026661-8  |0 (DE-627)10468285X  |0 (DE-576)208967494  |a Implementation  |2 gnd 
650 4 |a Strafverfahren  |x Richter  |x Entscheidungsverhalten  |7 (dpeaa)DE-2619 
650 4 |a Sanktionspraxis  |7 (dpeaa)DE-2619 
651 7 |0 (DE-588)4078704-7  |0 (DE-627)106076612  |0 (DE-576)209209682  |a Usa  |2 gnd 
651 7 |0 (DE-588)4029307-5  |0 (DE-627)106274775  |0 (DE-576)208982043  |a Kalifornien  |2 gnd 
700 1 |a Brereton, David  |4 aut 
700 1 |a Neal, David  |4 aut 
889 |w (DE-627)1818613077 
935 |a mkri 
951 |a BO 
ELC |b 1 
LOK |0 000 xxxxxcx a22 zn 4500 
LOK |0 001 2457146607 
LOK |0 003 DE-627 
LOK |0 004 1188750283 
LOK |0 005 20050722000000 
LOK |0 008 050722||||||||||||||||ger||||||| 
LOK |0 040   |a DE-Frei85  |c DE-627  |d DE-Frei85 
LOK |0 852   |a DE-Frei85 
LOK |0 852 1  |m p  |9 00 
LOK |0 938   |k p 
LOK |0 939   |a 22-07-05  |b l01 
LOK |0 000 xxxxxcx a22 zn 4500 
LOK |0 001 4196256503 
LOK |0 003 DE-627 
LOK |0 004 1188750283 
LOK |0 005 20221025204359 
LOK |0 008 221011||||||||||||||||ger||||||| 
LOK |0 035   |a (DE-2619)k02398 
LOK |0 040   |a DE-2619  |c DE-627  |d DE-2619 
LOK |0 092   |o n 
LOK |0 541   |e Bestand Albert-Krebs-Bibliothek: 1997-1291 
LOK |0 852   |a DE-2619 
LOK |0 852 1  |c LZ.60.010  |m p  |9 00 
LOK |0 935   |a kreb 
LOK |0 938   |k p 
LOK |0 939   |a 11-10-22  |b l01 
ORI |a SA-MARC-krimdoka001.raw